[Event "Wch U14"]
[Site "Montesilvano"]
[Date "2023.11.24"]
[Round "11"]
[White "Kozlovic, Jernej"]
[Black "Kuziev, Miraziz"]
[Result "0-1"]
[WhiteElo "2263"]
[BlackElo "2053"]
[PlyCount "78"]
[EventDate "2023.11.13"]
[EventType "swiss"]
[EventRounds "11"]
[EventCountry "ITA"]
[SourceTitle "CB48_2023"]
[SourceDate "2023.11.29"]
[SourceVersion "1"]
[SourceVersionDate "2023.11.29"]
[SourceQuality "1"]

1. e4 e5 2. Nf3 Nc6 3. Bb5 a6 4. Ba4 Nf6 5. 0-0 b5 6. Bb3 Bc5 7. a4 Rb8 8. c3 d6 9. d4 Bb6 10. axb5 axb5 11. Na3 Bg4 12. Nxb5 0-0 13. Bc2 Bxf3 14. gxf3 Nh5 15. f4 Qh4 16. Qf3 Nxf4 17. Bxf4 exf4 18. Kh1 Ne7 19. Rg1 Ng6 20. b4 Qf6 21. Ra6 Qe6 22. Bd3 Kh8 23. Rga1 Qf6 24. Qg4 c6 25. Na7 Bxa7 26. Rxa7 c5 27. e5 dxe5 28. R1a6 Qd8 29. Bxg6 hxg6 30. dxc5 Qd2 31. Ra2 Qxc3 32. Kg2 Qxb4 33. c6 Qc4 34. c7 Rb1 35. Qe2 Qc1 36. Rc2 Qh1+ 37. Kh3 f3 38. Qxe5 Qg2+ 39. Kh4 Rb4+ 0-1

[Event "Wch U14"]
[Site "Montesilvano"]
[Date "2023.11.20"]
[Round "7"]
[White "Kozlovic, Jernej"]
[Black "Daaevik, Wadhawan"]
[Result "1/2-1/2"]
[WhiteElo "2263"]
[BlackElo "1810"]
[PlyCount "120"]
[EventDate "2023.11.13"]
[EventType "swiss"]
[EventRounds "11"]
[EventCountry "ITA"]
[SourceTitle "CB48_2023"]
[SourceDate "2023.11.29"]
[SourceVersion "1"]
[SourceVersionDate "2023.11.29"]
[SourceQuality "1"]

1. e4 e5 2. Nf3 Nc6 3. Bb5 a6 4. Ba4 Nf6 5. 0-0 d6 6. Re1 Bd7 7. c4 g6 8. Nc3 Bg7 9. Bxc6 bxc6 10. d4 Qe7 11. dxe5 dxe5 12. Qc2 0-0 13. Na4 Nh5 14. Be3 Rfd8 15. Nc5 Bg4 16. Nd2 Nf4 17. f3 Bh3 18. g3 Ng2 19. Ndb3 Nxe3 20. Rxe3 Bh6 21. Rd3 Rxd3 22. Qxd3 Rd8 23. Qe2 Bc8 24. Kf2 Qg5 25. Rd1 Rd6 26. Rd3 Qe7 27. Rxd6 cxd6 28. Nd3 a5 29. c5 Qa7 30. Qe1 Qa6 31. Qc3 a4 32. Nbc1 Qa7 33. Kg2 Qd7 34. cxd6 Be3 35. Nf2 Bxc1 36. Qxc1 Qxd6 37. Qd1 Qxd1 38. Nxd1 Be6 39. Nc3 Kf8 40. Kf2 Ke7 41. Ke3 Bc4 42. Kd2 Kd6 43. h4 h5 44. g4 f6 45. gxh5 gxh5 46. a3 Bb3 47. Ne2 Kc5 48. Ng3 Bf7 49. Kc3 Kb5 50. Nf5 Kc5 51. Ne3 Bb3 52. Kd3 Bf7 53. Kc3 Bb3 54. Kd3 Bf7 55. Nf5 Bc4+ 56. Kd2 Be6 57. Ng3 Bf7 58. Kc3 Kb5 59. Ne2 Bb3 60. Ng3 Bf7 1/2-1/2

[Event "Wch U14"]
[Site "Montesilvano"]
[Date "2023.11.16"]
[Round "4"]
[White "Radzimski, Antoni"]
[Black "Kozlovic, Jernej"]
[Result "1/2-1/2"]
[WhiteElo "1904"]
[BlackElo "2263"]
[PlyCount "63"]
[EventDate "2023.11.13"]
[EventType "swiss"]
[EventRounds "11"]
[EventCountry "ITA"]
[SourceTitle "CB48_2023"]
[SourceDate "2023.11.29"]
[SourceVersion "1"]
[SourceVersionDate "2023.11.29"]
[SourceQuality "1"]

1. c4 c6 2. Nf3 Nf6 3. e3 d5 4. Qc2 g6 5. d4 Bf5 6. Bd3 Bxd3 7. Qxd3 Bg7 8. Nc3 0-0 9. 0-0 Nbd7 10. b3 Qc7 11. Bb2 dxc4 12. Qxc4 e5 13. dxe5 Nxe5 14. Nxe5 Qxe5 15. Rad1 Rfd8 16. Rxd8+ Rxd8 17. Rd1 Rxd1+ 18. Nxd1 Qd6 19. Qe2 Ne4 20. Bxg7 Kxg7 21. f3 Nc5 22. g3 a5 23. Nf2 f6 24. Qc2 Qd5 25. Qc3 b6 26. e4 Qd6 27. Kg2 Ne6 28. Ng4 Nd4 29. Qe3 Kg8 30. e5 fxe5 31. Nxe5 c5 32. Qe4 1/2-1/2

[Event "Wch U14"]
[Site "Montesilvano"]
[Date "2023.11.15"]
[Round "3"]
[White "Kozlovic, Jernej"]
[Black "Vingris, Mikelis"]
[Result "1/2-1/2"]
[WhiteElo "2263"]
[BlackElo "2127"]
[PlyCount "66"]
[EventDate "2023.11.13"]
[EventType "swiss"]
[EventRounds "11"]
[EventCountry "ITA"]
[SourceTitle "CB48_2023"]
[SourceDate "2023.11.29"]
[SourceVersion "1"]
[SourceVersionDate "2023.11.29"]
[SourceQuality "1"]

1. e4 c5 2. Nf3 d6 3. Bb5+ Nd7 4. 0-0 Ngf6 5. Re1 g6 6. c3 a6 7. Bxd7+ Bxd7 8. d4 cxd4 9. cxd4 Bc6 10. Nc3 Bg7 11. Bf4 0-0 12. Qd2 b5 13. a3 Rc8 14. Bh6 Bb7 15. Rad1 Qb6 16. Bxg7 Kxg7 17. e5 Nd5 18. exd6 exd6 19. Ne2 Qc7 20. Rc1 Qd7 21. Qd3 Rxc1 22. Rxc1 Re8 23. Qd2 Qg4 24. h3 Qf5 25. Ng3 Qf6 26. Re1 Rxe1+ 27. Nxe1 Nf4 28. Kh2 Qh4 29. f3 Nd5 30. Ne4 Qe7 31. Nc2 f5 32. Nc3 Nb6 33. Qe2 Qf7 1/2-1/2

[Event "Wch U14"]
[Site "Montesilvano"]
[Date "2023.11.13"]
[Round "1"]
[White "Kozlovic, Jernej"]
[Black "Rustemov, Gurbanmyrat"]
[Result "1-0"]
[WhiteElo "2263"]
[BlackElo "1713"]
[PlyCount "59"]
[EventDate "2023.11.13"]
[EventType "swiss"]
[EventRounds "11"]
[EventCountry "ITA"]
[SourceTitle "CB48_2023"]
[SourceDate "2023.11.29"]
[SourceVersion "1"]
[SourceVersionDate "2023.11.29"]
[SourceQuality "1"]

1. e4 Nc6 2. Nf3 d5 3. exd5 Qxd5 4. Nc3 Qa5 5. Bc4 Bg4 6. h3 Bh5 7. 0-0 0-0-0 8. Be2 Nf6 9. d3 h6 10. a3 e6 11. Be3 Bxf3 12. Bxf3 Nd4 13. Re1 g5 14. b4 Qf5 15. Bxd4 Rxd4 16. Ne2 Rh4 17. Ng3 Qg6 18. Re5 Bd6 19. Ra5 Kb8 20. Qe2 Rd8 21. Ne4 Nxe4 22. dxe4 e5 23. g3 Rxh3 24. Bg4 h5 25. Bxh3 g4 26. Bg2 h4 27. gxh4 Rh8 28. Rd5 Rxh4 29. Rd3 Rh6 30. Rg3 1-0

[Event "Trieste op 25th"]
[Site "Trieste"]
[Date "2023.09.05"]
[Round "5"]
[White "Subelj, Jan"]
[Black "Kozlovic, Jernej"]
[Result "1-0"]
[WhiteElo "2492"]
[BlackElo "2243"]
[PlyCount "95"]
[EventDate "2023.09.02"]
[EventType "swiss"]
[EventRounds "9"]
[EventCountry "ITA"]
[SourceTitle "EXT 2024"]
[Source "ChessBase"]
[SourceDate "2023.10.10"]
[SourceVersion "1"]
[SourceVersionDate "2023.10.10"]
[SourceQuality "1"]

1. e4 c6 2. Nf3 d5 3. d3 dxe4 4. dxe4 Qxd1+ 5. Kxd1 g6 6. Ne5 f6 7. Nd3 e5 8. f3 Be6 9. a4 Nd7 10. Be3 Bh6 11. Ke2 a5 12. Nd2 Ke7 13. g3 Bxe3 14. Kxe3 Nh6 15. Be2 Nf7 16. b3 Nd6 17. h4 Rhc8 18. c4 c5 19. f4 Nf7 20. h5 b6 21. Raf1 Nb8 22. hxg6 hxg6 23. Rh7 Nc6 24. f5 gxf5 25. exf5 Bd7 26. Bh5 Rf8 27. g4 Be8 28. Ne4 Rh8 29. Rxh8 Nxh8 30. Bxe8 Rxe8 31. Nc3 Kf7 32. Nd5 Rb8 33. Rh1 Kg7 34. Nf2 Nb4 35. Nc7 Nc2+ 36. Kd3 Nd4 37. Ne4 Nf7 38. Nd5 Ng5 39. Nexf6 Nxb3 40. Rh5 e4+ 41. Kc3 e3 42. Rxg5+ Kf7 43. Nxe3 Kxf6 44. Rg6+ Ke5 45. Kxb3 Rh8 46. Kc3 Rh3 47. Re6+ Kf4 48. f6 1-0

[Event "Spilimbergo op 21st"]
[Site "Spilimbergo"]
[Date "2023.08.11"]
[Round "4"]
[White "Kozlovic, Jernej"]
[Black "Cardoso Cardoso, Jose Gabriel"]
[Result "0-1"]
[WhiteElo "2199"]
[BlackElo "2468"]
[PlyCount "66"]
[EventDate "2023.08.09"]
[EventType "swiss"]
[EventRounds "9"]
[EventCountry "ITA"]
[SourceTitle "CBM 215 Extra"]
[Source "ChessBase"]
[SourceDate "2023.09.30"]
[SourceVersion "1"]
[SourceVersionDate "2023.09.30"]
[SourceQuality "1"]

1. e4 c5 2. Nf3 d6 3. Bb5+ Nd7 4. c4 Ngf6 5. Nc3 g6 6. 0-0 Bg7 7. d4 cxd4 8. Nxd4 0-0 9. Bxd7 Bxd7 10. Qd3 a6 11. a4 Rc8 12. h3 Be6 13. Nxe6 fxe6 14. Be3 Nd7 15. Bd4 Nc5 16. Bxc5 Rxc5 17. Rab1 Qc7 18. b3 Bxc3 19. Qxc3 b5 20. axb5 axb5 21. Qd3 bxc4 22. bxc4 Rxc4 23. Rb7 Qxb7 24. Qxc4 Qc8 25. Qb3 Kg7 26. Qb2+ e5 27. Rc1 Qb8 28. Qa2 Qb6 29. Rc2 Qd4 30. Rc7 Rf7 31. Rc4 Rxf2 32. Qxf2 Qxc4 33. Qh4 Qc1+ 0-1

[Event "Spilimbergo op 21st"]
[Site "Spilimbergo"]
[Date "2023.08.10"]
[Round "3"]
[White "Kozlovic, Jernej"]
[Black "Loiacono, Antonio"]
[Result "1-0"]
[WhiteElo "2199"]
[BlackElo "2329"]
[PlyCount "95"]
[EventDate "2023.08.09"]
[EventType "swiss"]
[EventRounds "9"]
[EventCountry "ITA"]
[SourceTitle "CBM 215 Extra"]
[Source "ChessBase"]
[SourceDate "2023.09.30"]
[SourceVersion "1"]
[SourceVersionDate "2023.09.30"]
[SourceQuality "1"]

1. e4 g6 2. d4 Bg7 3. Nf3 c6 4. c3 d5 5. exd5 cxd5 6. Bd3 Nc6 7. Bf4 Bf5 8. 0-0 Bxd3 9. Qxd3 Nf6 10. h3 0-0 11. Nbd2 Nd7 12. Rfe1 Re8 13. Qb5 Nb6 14. a4 a6 15. Qb3 Na5 16. Qb4 Nbc4 17. Nxc4 dxc4 18. d5 b6 19. Rad1 Bf8 20. Ne5 Qd6 21. Qxd6 exd6 22. Nd7 Red8 23. Nxb6 Rab8 24. Bg5 f6 25. Bxf6 Re8 26. Nd7 Rxe1+ 27. Rxe1 Rb7 28. Nxf8 Kxf8 29. Re6 Rxb2 30. Rxd6 Rd2 31. Bd4 Nb3 32. Rxa6 Nxd4 33. cxd4 c3 34. Rc6 c2 35. Kh2 Rxf2 36. a5 Ke7 37. a6 Rf6 38. Rxc2 Rxa6 39. Rc7+ Kd6 40. Rc6+ Rxc6 41. dxc6 Kxc6 42. Kg3 Kd5 43. Kf4 Kxd4 44. Kg5 Ke3 45. Kh6 Kf2 46. g4 Kg3 47. Kxh7 Kxh3 48. g5 1-0

[Event "Portoroz op 14th"]
[Site "Portoroz"]
[Date "2023.07.19"]
[Round "6"]
[White "Kozlovic, Jernej"]
[Black "Kolesar, Milan"]
[Result "1-0"]
[WhiteElo "2101"]
[BlackElo "2078"]
[PlyCount "119"]
[EventDate "2023.07.15"]
[EventType "swiss"]
[EventRounds "9"]
[EventCountry "SLO"]
[SourceTitle "CBM 215 Extra"]
[Source "ChessBase"]
[SourceDate "2023.09.30"]
[SourceVersion "1"]
[SourceVersionDate "2023.09.30"]
[SourceQuality "1"]

1. e4 c5 2. Nf3 d6 3. Bb5+ Nc6 4. 0-0 Bd7 5. Re1 Nf6 6. c3 a6 7. Bf1 Bg4 8. d4 cxd4 9. cxd4 d5 10. Nc3 e6 11. exd5 Nxd5 12. h3 Bxf3 13. Qxf3 Be7 14. Nxd5 Qxd5 15. Qxd5 exd5 16. Be3 0-0 17. g3 Bf6 18. Red1 h6 19. Bg2 Rfd8 20. Rac1 Rd6 21. Rc5 Rad8 22. g4 g5 23. Kf1 Kg7 24. Ke2 R8d7 25. a3 Nd8 26. Kd3 Ne6 27. Rc3 Kg6 28. b4 Bxd4 29. Bxd4 Nf4+ 30. Ke3 Nxg2+ 31. Kf3 Nh4+ 32. Kg3 f5 33. f4 Rc6 34. Rxc6+ bxc6 35. Re1 Kf7 36. Re5 Re7 37. Rxe7+ Kxe7 38. Bg7 Ng6 39. gxf5 gxf4+ 40. Kf3 Kf7 41. Bd4 Ne7 42. Kxf4 Ng8 43. Ke5 h5 44. Be3 Nf6 45. Kd6 Ne4+ 46. Kxc6 Nc3 47. Bd4 Nb5 48. Kxd5 Nxa3 49. Kc5 Nc2 50. Bc3 Ne3 51. f6 Ke6 52. Bb2 Nc2 53. Bc3 Ne3 54. Kc6 Nd5 55. f7 Ne7+ 56. Kb7 Kxf7 57. Kxa6 Nd5 58. Be1 Nxb4+ 59. Bxb4 Ke6 60. h4 1-0

[Event "Portoroz op 14th"]
[Site "Portoroz"]
[Date "2023.07.18"]
[Round "5"]
[White "Blagojevic, Dragisa"]
[Black "Kozlovic, Jernej"]
[Result "1-0"]
[WhiteElo "2464"]
[BlackElo "2101"]
[PlyCount "31"]
[EventDate "2023.07.15"]
[EventType "swiss"]
[EventRounds "9"]
[EventCountry "SLO"]
[SourceTitle "CBM 215 Extra"]
[Source "ChessBase"]
[SourceDate "2023.09.30"]
[SourceVersion "1"]
[SourceVersionDate "2023.09.30"]
[SourceQuality "1"]

1. Nf3 d5 2. c4 c6 3. e3 Nf6 4. Nc3 a6 5. Qc2 b5 6. b3 Bg4 7. Ne5 Bh5 8. cxd5 cxd5 9. Bxb5+ Nbd7 10. Nxd5 Rc8 11. Nxf6+ exf6 12. Qxc8 Qxc8 13. Bxd7+ Qxd7 14. Nxd7 Kxd7 15. Bb2 Bd6 16. f3 1-0

[Event "Portoroz op 14th"]
[Site "Portoroz"]
[Date "2023.07.17"]
[Round "4"]
[White "Rzeszowski, Dominik"]
[Black "Kozlovic, Jernej"]
[Result "0-1"]
[WhiteElo "1882"]
[BlackElo "2101"]
[PlyCount "80"]
[EventDate "2023.07.15"]
[EventType "swiss"]
[EventRounds "9"]
[EventCountry "SLO"]
[SourceTitle "CBM 215 Extra"]
[Source "ChessBase"]
[SourceDate "2023.09.30"]
[SourceVersion "1"]
[SourceVersionDate "2023.09.30"]
[SourceQuality "1"]

1. e4 e5 2. f4 exf4 3. Bc4 c6 4. Nc3 d5 5. Bb3 Qe7 6. Qf3 Nf6 7. d3 g5 8. h3 Bf5 9. Nge2 dxe4 10. dxe4 Bxe4 11. Nxe4 Qxe4 12. Bxf7+ Kxf7 13. Qb3+ Kg6 14. h4 Nbd7 15. hxg5 Re8 16. 0-0 Bc5+ 17. Kh1 Qxe2 18. Bxf4 Qh5+ 19. Bh2 Bd6 20. g3 Qxg5 21. Rad1 Qe5 22. Rf4 Nc5 23. Qf3 Ne6 24. Rh4 Bc5 25. b4 Qe3 26. Qf1 Bb6 27. Re1 Qg5 28. Qd3+ Kg7 29. c4 Rd8 30. Qf3 Rhe8 31. Rf1 Nf8 32. Rf4 Re3 33. Qf2 Re6 34. c5 Bc7 35. Rf5 Qg6 36. g4 Qh6 37. g5 Qxh2+ 38. Qxh2 Bxh2 39. gxf6+ Kf7 40. Kxh2 Rd2+ 0-1

[Event "Portoroz op 14th"]
[Site "Portoroz"]
[Date "2023.07.16"]
[Round "2"]
[White "Cichon, Jakub"]
[Black "Kozlovic, Jernej"]
[Result "0-1"]
[WhiteElo "1937"]
[BlackElo "2101"]
[PlyCount "84"]
[EventDate "2023.07.15"]
[EventType "swiss"]
[EventRounds "9"]
[EventCountry "SLO"]
[SourceTitle "CBM 215 Extra"]
[Source "ChessBase"]
[SourceDate "2023.09.30"]
[SourceVersion "1"]
[SourceVersionDate "2023.09.30"]
[SourceQuality "1"]

1. e4 e5 2. Nf3 Nc6 3. Bc4 Bc5 4. Bb3 d6 5. c3 Nf6 6. d3 0-0 7. Nbd2 Be6 8. Nf1 d5 9. Qe2 a5 10. Ng3 a4 11. Bc2 d4 12. 0-0 b5 13. Nh4 a3 14. Bb3 axb2 15. Bxb2 dxc3 16. Bxc3 Bd4 17. Rac1 Bxc3 18. Rxc3 Nd4 19. Qb2 b4 20. Rcc1 Bxb3 21. axb3 Ra3 22. Nhf5 Rxb3 23. Qd2 Nxf5 24. Nxf5 Nxe4 25. Qe2 Nd6 26. Qxe5 Nxf5 27. Qxf5 Rxd3 28. Rxc7 Qxc7 29. Qxd3 Rd8 30. Qe4 b3 31. Rb1 Qc2 32. Qe1 b2 33. g3 h6 34. Kg2 Rd2 35. Qe8+ Kh7 36. Rf1 b1Q 37. Rxb1 Qxb1 38. Qxf7 Qe4+ 39. Kh3 Rd5 40. g4 Rd3+ 41. f3 Rxf3+ 42. Qxf3 Qxf3+ 0-1

[Event "Portoroz op 14th"]
[Site "Portoroz"]
[Date "2023.07.15"]
[Round "1"]
[White "Kozlovic, Jernej"]
[Black "Barca, Michal"]
[Result "1-0"]
[WhiteElo "2101"]
[BlackElo "1696"]
[PlyCount "67"]
[EventDate "2023.07.15"]
[EventType "swiss"]
[EventRounds "9"]
[EventCountry "SLO"]
[SourceTitle "CBM 215 Extra"]
[Source "ChessBase"]
[SourceDate "2023.09.30"]
[SourceVersion "1"]
[SourceVersionDate "2023.09.30"]
[SourceQuality "1"]

1. e4 e6 2. d4 d5 3. e5 c5 4. c3 Nc6 5. Nf3 cxd4 6. cxd4 Qb6 7. Be2 Nge7 8. Na3 Nf5 9. Nc2 Bb4+ 10. Kf1 Bd7 11. g4 Nh6 12. Bxh6 gxh6 13. Rb1 Bf8 14. b4 Ne7 15. Ne3 Bb5 16. Bxb5+ Qxb5+ 17. Kg2 Ng6 18. Re1 Rg8 19. Kh1 Nf4 20. Qc2 Be7 21. Qxh7 Kd7 22. Qc2 Rac8 23. Qb3 Qd3 24. Qxd3 Nxd3 25. Re2 b5 26. a3 Rc3 27. Ra1 Nxf2+ 28. Rxf2 Rxe3 29. a4 Bxb4 30. axb5 Ra3 31. Rxa3 Bxa3 32. Ra2 Be7 33. Rxa7+ Ke8 34. b6 1-0

[Event "Wch U14 rapid"]
[Site "Batumi"]
[Date "2023.06.08"]
[Round "9"]
[White "Rakhmatullaev, Muhammadsoli"]
[Black "Kozlovic, Jernej"]
[Result "1-0"]
[WhiteElo "1332"]
[BlackElo "2034"]
[PlyCount "83"]
[EventDate "2023.06.06"]
[EventType "swiss (rapid)"]
[EventRounds "11"]
[EventCountry "GEO"]
[SourceTitle "EXT 2024"]
[Source "ChessBase"]
[SourceDate "2023.10.10"]
[SourceVersion "1"]
[SourceVersionDate "2023.10.10"]
[SourceQuality "1"]
[WhiteTeam "Uzbekistan"]
[BlackTeam "Slovenia"]
[WhiteTeamCountry "UZB"]
[BlackTeamCountry "SLO"]

1. d4 d5 2. Nc3 Nf6 3. Bf4 Bf5 4. f3 e6 5. g4 Bg6 6. h4 h6 7. e3 a6 8. Bd3 Bxd3 9. Qxd3 c5 10. Nge2 Nc6 11. 0-0-0 c4 12. Qd2 b5 13. e4 b4 14. Na4 Qa5 15. b3 0-0-0 16. Kb1 Nd7 17. exd5 exd5 18. Bg3 Nb6 19. Nxb6+ Qxb6 20. Bf2 Qb5 21. Rhe1 Bd6 22. Be3 a5 23. Bf4 a4 24. Bxd6 Rxd6 25. Ng3 axb3 26. cxb3 Rd7 27. Nf5 g6 28. Ne3 Ra7 29. Qe2 Na5 30. Rc1 Re8 31. Qf1 Rc7 32. Rc2 Re6 33. Ng2 cxb3 34. Rxc7+ Kxc7 35. Qxb5 bxa2+ 36. Kxa2 b3+ 37. Kb1 Nc4 38. Rxe6 fxe6 39. Qc5+ Kd7 40. Ne1 h5 41. gxh5 gxh5 42. Nd3 1-0

[Event "Wch U14 rapid"]
[Site "Batumi"]
[Date "2023.06.06"]
[Round "1"]
[White "Gogiashvili, Demetre"]
[Black "Kozlovic, Jernej"]
[Result "1-0"]
[WhiteElo "1361"]
[BlackElo "2034"]
[PlyCount "103"]
[EventDate "2023.06.06"]
[EventType "swiss (rapid)"]
[EventRounds "11"]
[EventCountry "GEO"]
[SourceTitle "EXT 2024"]
[Source "ChessBase"]
[SourceDate "2023.10.10"]
[SourceVersion "1"]
[SourceVersionDate "2023.10.10"]
[SourceQuality "1"]
[WhiteTeam "Georgia"]
[BlackTeam "Slovenia"]
[WhiteTeamCountry "GEO"]
[BlackTeamCountry "SLO"]

1. e4 e5 2. Nf3 Nc6 3. Bb5 a6 4. Ba4 Nf6 5. 0-0 b5 6. Bb3 Bc5 7. Re1 d6 8. c3 0-0 9. h3 h6 10. d4 Bb6 11. Be3 Rb8 12. Nbd2 Re8 13. a4 Bd7 14. axb5 axb5 15. d5 Ne7 16. Bxb6 Rxb6 17. Nf1 Nh7 18. Ng3 g6 19. Qd2 Kg7 20. Bc2 Rf8 21. Nh4 Nxd5 22. Nxg6 fxg6 23. Qxd5 Nf6 24. Qd2 b4 25. Bd3 Qb8 26. c4 b3 27. Ra3 Qb7 28. Rea1 Rb8 29. c5 dxc5 30. Qc3 Rc6 31. Qxe5 Re8 32. Qc3 Rb6 33. e5 Nd5 34. Qe1 Rbe6 35. Bc4 Rxe5 36. Qf1 Nb4 37. Rd1 Bc6 38. f3 Qc8 39. Qf2 Nc2 40. Ra5 Nd4 41. f4 Re3 42. Rxc5 Qd7 43. Rxc6 Qxc6 44. Rxd4 Qc5 45. Rd7+ Kf6 46. Bf1 Qc6 47. Rd2 h5 48. f5 R8e5 49. fxg6+ Kxg6 50. Bd3+ Kg5 51. h4+ Kh6 52. Qf8# 1-0

[Event "SLO-ch 33rd"]
[Site "Radenci"]
[Date "2023.05.02"]
[Round "9"]
[White "Skoberne, Jure"]
[Black "Kozlovic, Jernej"]
[Result "1-0"]
[WhiteElo "2535"]
[BlackElo "2044"]
[PlyCount "97"]
[EventDate "2023.04.25"]
[EventType "team-match"]
[EventRounds "9"]
[EventCountry "SLO"]
[SourceTitle "CBM 214 Extra"]
[Source "ChessBase"]
[SourceDate "2023.07.31"]
[SourceVersion "1"]
[SourceVersionDate "2023.07.31"]
[SourceQuality "1"]

1. e4 e5 2. Nf3 Nc6 3. g3 Bc5 4. Bg2 Nf6 5. d3 0-0 6. 0-0 Re8 7. c3 d5 8. exd5 Nxd5 9. b4 Bf8 10. b5 Nb8 11. Re1 f6 12. d4 e4 13. Nh4 g5 14. Bxe4 Rxe4 15. Rxe4 gxh4 16. Qh5 Ne7 17. Ba3 Ng6 18. Bxf8 Qxf8 19. c4 f5 20. Re2 Nd7 21. Nc3 Nf6 22. Qf3 f4 23. Ne4 Be6 24. Nxf6+ Qxf6 25. Qxb7 Rf8 26. Qc6 Qxd4 27. Qxe6+ Kg7 28. Rf1 hxg3 29. hxg3 fxg3 30. Qe4 Qf6 31. f4 Nxf4 32. Qe7+ Kg6 33. Qxf6+ Rxf6 34. Re3 Kh5 35. Rff3 Kh4 36. c5 h5 37. c6 Rd6 38. Rxf4+ Kh3 39. Kf1 Rd2 40. a4 Ra2 41. Ke1 Rb2 42. Re5 Rb1+ 43. Kd2 g2 44. Re3+ Kh2 45. Rh4+ Kg1 46. Re1+ Rxe1 47. Kxe1 a5 48. b6 cxb6 49. c7 1-0

[Event "SLO-ch 33rd"]
[Site "Radenci"]
[Date "2023.04.30"]
[Round "7"]
[White "Tratar, Marko"]
[Black "Kozlovic, Jernej"]
[Result "1/2-1/2"]
[WhiteElo "2392"]
[BlackElo "2044"]
[PlyCount "86"]
[EventDate "2023.04.25"]
[EventType "team-match"]
[EventRounds "9"]
[EventCountry "SLO"]
[SourceTitle "CBM 214 Extra"]
[Source "ChessBase"]
[SourceDate "2023.07.31"]
[SourceVersion "1"]
[SourceVersionDate "2023.07.31"]
[SourceQuality "1"]

1. c4 c6 2. d4 d5 3. Nf3 Nf6 4. Nc3 dxc4 5. a4 Bf5 6. e3 e6 7. Bxc4 Bb4 8. 0-0 0-0 9. Nh4 Nbd7 10. Nxf5 exf5 11. Qc2 g6 12. Rd1 Qb6 13. Na2 Be7 14. Bd2 a5 15. Nc1 Ne4 16. Bc3 Ndf6 17. Nd3 Nd5 18. Ne5 Rfe8 19. Qb3 Qxb3 20. Bxb3 Bd6 21. Bxd5 cxd5 22. Be1 Bxe5 23. dxe5 Rxe5 24. f3 Nf6 25. Bc3 Re6 26. Ra3 b6 27. Bd4 Rc8 28. Rc3 Rxc3 29. bxc3 Nd7 30. Rb1 Rc6 31. Rb5 Nc5 32. Bxc5 Rxc5 33. Rxb6 Rc4 34. Rb5 Rxa4 35. Rxd5 Ra2 36. c4 Kf8 37. c5 Rc2 38. c6 a4 39. Ra5 Rc4 40. c7 Rxc7 41. Rxa4 Rc2 42. h4 Re2 43. Ra3 Kg7 1/2-1/2

[Event "SLO-ch 33rd"]
[Site "Radenci"]
[Date "2023.04.27"]
[Round "4"]
[White "Herega, Nejc"]
[Black "Kozlovic, Jernej"]
[Result "1/2-1/2"]
[WhiteElo "2188"]
[BlackElo "2044"]
[PlyCount "73"]
[EventDate "2023.04.25"]
[EventType "team-match"]
[EventRounds "9"]
[EventCountry "SLO"]
[SourceTitle "CBM 214 Extra"]
[Source "ChessBase"]
[SourceDate "2023.07.31"]
[SourceVersion "1"]
[SourceVersionDate "2023.07.31"]
[SourceQuality "1"]

1. d4 d5 2. Nf3 Nf6 3. Bf4 c5 4. e3 Nc6 5. Nbd2 cxd4 6. exd4 Bf5 7. Bb5 Qb6 8. c4 dxc4 9. a4 e6 10. Nxc4 Bb4+ 11. Bd2 Bxd2+ 12. Qxd2 Qc7 13. Qb4 Qe7 14. Nd6+ Kf8 15. Bxc6 bxc6 16. Qa3 Rd8 17. Nxf5 exf5+ 18. Qxe7+ Kxe7 19. 0-0 Nd5 20. Rac1 Rd6 21. g3 f6 22. Rc4 Rb8 23. Rfc1 Kd7 24. R1c2 g6 25. Kg2 Re6 26. Rc5 Nb4 27. d5 cxd5 28. Rc7+ Kd6 29. R2c3 a6 30. Rxh7 Nc6 31. Rh6 Ne7 32. b3 Re4 33. h4 Re6 34. h5 gxh5 35. Rxh5 Rb4 36. Rh8 Kd7 37. Ra8 1/2-1/2

[Event "SLO-ch 33rd"]
[Site "Radenci"]
[Date "2023.04.26"]
[Round "2"]
[White "Kozlovic, Jernej"]
[Black "Vah, Denis"]
[Result "1-0"]
[WhiteElo "2044"]
[BlackElo "1940"]
[PlyCount "77"]
[EventDate "2023.04.25"]
[EventType "team-match"]
[EventRounds "9"]
[EventCountry "SLO"]
[SourceTitle "CBM 214 Extra"]
[Source "ChessBase"]
[SourceDate "2023.07.31"]
[SourceVersion "1"]
[SourceVersionDate "2023.07.31"]
[SourceQuality "1"]

1. e4 e5 2. Nf3 Nc6 3. Bb5 Nf6 4. 0-0 Nxe4 5. Re1 Nd6 6. Nxe5 Be7 7. Bf1 Nxe5 8. Rxe5 0-0 9. d4 Bf6 10. Re2 Nc4 11. b3 Nb6 12. c4 d5 13. c5 Nd7 14. Nc3 Nxc5 15. Ba3 Ne6 16. Bxf8 Kxf8 17. Rc1 c6 18. Re1 Nxd4 19. h3 g6 20. Ne2 Ne6 21. g3 Kg7 22. Bg2 Bd7 23. Kh2 Qb6 24. f4 h5 25. f5 gxf5 26. Rf1 f4 27. Nxf4 Nxf4 28. Rxf4 Bg5 29. Rxf7+ Kxf7 30. Qxh5+ Ke6 31. Qg6+ Bf6 32. Re1+ Kd6 33. Qxf6+ Kc7 34. Qe5+ Kc8 35. Rf1 Qd8 36. Rf7 b6 37. h4 Rb8 38. Rxd7 Kxd7 39. Bh3# 1-0

[Event "Nova Gorica op 27th"]
[Site "Nova Gorica"]
[Date "2023.03.19"]
[Round "5"]
[White "Kozlovic, Jernej"]
[Black "Wadsworth, Matthew J"]
[Result "0-1"]
[WhiteElo "1878"]
[BlackElo "2439"]
[PlyCount "84"]
[EventDate "2023.03.16"]
[EventType "swiss"]
[EventRounds "9"]
[EventCountry "SLO"]
[SourceTitle "CBM 213 Extra"]
[Source "ChessBase"]
[SourceDate "2023.05.31"]
[SourceVersion "1"]
[SourceVersionDate "2023.05.31"]
[SourceQuality "1"]

1. e4 e6 2. d4 d5 3. Nd2 Be7 4. c3 c5 5. exd5 Qxd5 6. Ngf3 cxd4 7. Bc4 Qd8 8. Nxd4 Nf6 9. 0-0 0-0 10. Re1 Nc6 11. Nxc6 bxc6 12. Nf3 Qxd1 13. Rxd1 Nd5 14. Be2 Bf6 15. Bg5 Rb8 16. Rd2 c5 17. Bxf6 gxf6 18. Ne1 Nf4 19. Bf1 Bb7 20. Nc2 Rfd8 21. Rad1 Rxd2 22. Rxd2 Bxg2 23. Bxg2 Rxb2 24. a3 Kg7 25. c4 h5 26. Bf3 Kf8 27. h4 Ng6 28. Bxh5 Nxh4 29. Bd1 Ke7 30. Re2 Rb1 31. Ne3 Nf3+ 32. Kg2 Nd4 33. Nd5+ Kd6 34. Nxf6 Nxe2 35. Bxe2 Ke5 36. Ng4+ Kd4 37. Ne3 Rb2 38. Bh5 f5 39. Kf3 Ra2 40. Bf7 f4 41. Bxe6 fxe3 42. fxe3+ Ke5 0-1

[Event "Nova Gorica op 27th"]
[Site "Nova Gorica"]
[Date "2023.03.18"]
[Round "3"]
[White "Kozlovic, Jernej"]
[Black "Belli, Giorgio"]
[Result "1-0"]
[WhiteElo "1878"]
[BlackElo "2192"]
[PlyCount "97"]
[EventDate "2023.03.16"]
[EventType "swiss"]
[EventRounds "9"]
[EventCountry "SLO"]
[SourceTitle "CBM 213 Extra"]
[Source "ChessBase"]
[SourceDate "2023.05.31"]
[SourceVersion "1"]
[SourceVersionDate "2023.05.31"]
[SourceQuality "1"]

1. e4 c5 2. Nf3 d6 3. Bb5+ Nd7 4. c4 Ngf6 5. Nc3 e6 6. 0-0 Be7 7. d4 cxd4 8. Qxd4 0-0 9. Rd1 Qc7 10. Bxd7 Bxd7 11. Bf4 Bc6 12. Bxd6 Bxd6 13. Qxd6 Qb6 14. b3 Nxe4 15. Nxe4 Bxe4 16. Qxb6 axb6 17. Rd6 Rfd8 18. Rad1 Rxd6 19. Rxd6 Kf8 20. a4 Bc6 21. Ne5 Ke7 22. Rd4 Be8 23. f4 f6 24. Ng4 Bc6 25. Kf2 Ra5 26. Ne3 Rh5 27. Kg3 e5 28. Nd5+ Ke6 29. fxe5 Rxe5 30. Nf4+ Kf5 31. Nd5 Re4 32. Rxe4 Kxe4 33. Nxb6 Ke3 34. b4 f5 35. Nd5+ Kd4 36. b5 Be8 37. Nb6 g5 38. a5 Ke3 39. Nd5+ Ke2 40. Nf6 Bf7 41. a6 bxa6 42. bxa6 Be6 43. h3 f4+ 44. Kh2 Bc8 45. a7 Bb7 46. Nxh7 Bxg2 47. Nxg5 Ba8 48. h4 f3 49. Nxf3 1-0